000 00217nam a22000857a 4500
008 161103b xxu||||| |||| 00| 0 eng d
100 _91027
_aSally v. k etal
245 _aScience class (vii)
260 _aNew Delhi
_bGPB
_c2011
999 _c3685
_d3685